|
|
|
|
| LEADER |
00000nab a2200000 a 4500 |
| 001 |
vtls000862170 |
| 003 |
SK-MaSNL |
| 005 |
20260304222146.0 |
| 008 |
250429c2003 xo 0 slo |
| 015 |
|
|
|a SNBRB2004/02-04294
|
| 035 |
|
|
|a CLN000213755
|
| 035 |
|
|
|a urn:nbn:sk:snk-ab23pk
|
| 035 |
|
|
|a (urnnbn)urn:nbn:sk:snk:ar-a01iel
|
| 035 |
|
|
|a (uuid)1555c28b-a228-4dc0-91f9-dd342e74daf9
|
| 040 |
|
|
|a SNKBUCL
|b slo
|c SNKBUCL
|e AACR2
|
| 041 |
0 |
|
|a eng
|
| 044 |
|
|
|a xo
|c SK
|
| 080 |
|
|
|a 314(439)"199/2003"
|2 1997
|
| 080 |
|
|
|a 353.9(439):323.15
|2 1997
|
| 080 |
|
|
|a 352.9(439):323.15
|2 1997
|
| 080 |
|
|
|a 323.15(439):352.9+353.9
|2 1997
|
| 080 |
|
|
|a 911.3:312(439)
|2 1997
|
| 100 |
1 |
|
|a Kocsis, Károly
|4 aut
|9 378793
|
| 245 |
1 |
0 |
|a Contributions to the geographical study of minority self-goverment in Hungary
|c Károly Kocsis
|
| 300 |
|
|
|b Mp., tab.
|
| 504 |
|
|
|a Res. slov.
|
| 504 |
|
|
|a Bibliogr. odkazy
|
| 648 |
|
7 |
|a 1998-2003
|2 SNK
|9 536591
|
| 650 |
0 |
7 |
|a demografia
|2 SNKPH
|9 3827
|
| 650 |
0 |
7 |
|a národnostné menšiny
|2 SNKPH
|9 2669
|
| 650 |
0 |
7 |
|a samospráva
|2 SNKPH
|9 4165
|
| 651 |
|
7 |
|a Maďarsko
|2 SNKPHgeo
|9 16754
|
| 655 |
|
7 |
|a články z novín a časopisov
|2 SNK
|9 267496
|
| 773 |
0 |
|
|t Geografický časopis
|g Roč. 55, č. 3 (2003), s. 179-192
|x 0016-7193
|
| 850 |
|
|
|a Slovenská národná knižnica
|
| 852 |
|
|
|a Slovenská národná knižnica
|
| 958 |
|
|
|a article27
|
| 958 |
|
|
|a NB
|
| 958 |
|
|
|a HU
|
| 958 |
|
|
|a OND
|
| 958 |
|
|
|a EUIPO
|
| 992 |
|
|
|a RBX
|
| 999 |
|
|
|c 3161621
|d 3163551
|